Tribhuvan University Central Library
Normal view MARC view
  • Vegetable plants

Entry Topical Term

Number of records used in: 4

001 - CONTROL NUMBER

  • control field: 9065

003 - CONTROL NUMBER IDENTIFIER

  • control field: OSt

005 - DATE AND TIME OF LATEST TRANSACTION

  • control field: 20110108105103.0

008 - FIXED-LENGTH DATA ELEMENTS

  • fixed length control field: 110108|||a|||||| | ||| d

040 ## - CATALOGING SOURCE

  • Original cataloging agency: OSt
  • Transcribing agency: OSt

150 ## - HEADING--TOPICAL TERM

  • Topical term or geographic name as entry element: Vegetable plants

670 ## - SOURCE DATA FOUND

  • Source citation: Work cat.: (OSt): Agarwal, V.S. 9063, Economic plants of India, 1986

670 ## - SOURCE DATA FOUND

  • Source citation: Work cat.: (OSt): Agarwal, V.S. 9063, Economic plants of India, 1986